Nonka'nın aşkı / (Kayıt no. 13870)
[ düz görünüm ]
| 000 -BAŞLIK | |
|---|---|
| Sabit Uzunlukta Kontrol Alanı | 00612nam a2200205 4500 |
| 999 ## - SİSTEM KONTROL NUMARALARI (KOHA) | |
| Koha Biblionumber | 13870 |
| Koha Biblioitemnumber | 13870 |
| 003 - KONTROL NUMARASI IDENTIFIER | |
| Denetim Alanı | MIRAKIL |
| 005 - SON İŞLEM TARİHİ VE ZAMANI | |
| Denetim Alanı | 20200812172056.0 |
| 008 - SABİT-BOY VERİ ELEMANLARI - GENEL BİLGİLER | |
| Sabit Uzunlukta Kontrol Alanı | 200812b tu ||||| |||| 00| 0 tur d |
| 040 ## - KATALOGLAMA KAYNAK | |
| Orijinal Kataloglama Ajansı | TR-AnCHP |
| Metne Dönüştürmek Ajansı | TR-AnCHP |
| 041 ## - DİL KODU | |
| Metin / Ses Parça Veya Ayrı Başlığın Dil Kodu | tur |
| 082 ## - DEWEY ONLU SINIFLANDIRMA NUMARASI | |
| Sınıflandırma Numarası | 891.81 |
| Ürün Numarası | P37n 1977 |
| 100 ## - ANA GİRİŞ - KİŞİSEL İSİM | |
| Kişisel Ad | Petrov, İvaylo |
| 245 10 - BAŞLIK TABLOSU | |
| Başlık | Nonka'nın aşkı / |
| Sorumluluk Tablosu, Vb | İvaylo Petrov ; çeviren Erdal Güneş |
| 260 ## - YAYIN, DAĞITIM, VB | |
| Yayın, Dağıtım, Vb Yeri | İstanbul : |
| Yayıncı, Dağıtıcı, Vs Adı | Habora Kitabevi, |
| Yayın, Dağıtım, Vb Tarihi | 1977. |
| 300 ## - FİZİKSEL TANIM | |
| Kapsam | 311 s.: |
| Diğer Fiziksel Ayrıntıları | 19 sm. |
| 490 0# - SERİSİ TABLOSU | |
| Seri Beyanı | Habora Kitabevi yayınları ; |
| Hacim / Ardışık Tanımı | 168. |
| 650 #0 - KONU KATMA GİRİŞ - TOPİKAL DÖNEM | |
| 9 (RLIN) | 6351 |
| Topikal Süreli Veya Coğrafi Ad Giriş Elemanı | Bulgar Edebiyatı |
| Genel Alt Bölümü | Roman |
| 700 ## - KATMA GİRİŞ - KİŞİSEL İSİM | |
| 9 (RLIN) | 6352 |
| Kişisel Ad | Güneş, Erdal |
| Relator Terim | çev. |
| 942 ## - EKLENDİ GİRİŞ ELEMANLARI (KOHA) | |
| Sınıflandırma Veya Raf Düzeni Kaynak | Dewey Decimal Classification |
| Koha Öğesi Türü | Kitaplar |
| Kalıcı Konum | Mevcut Konum | Edinme Tarihi | Toplam Check-Out'Lar | Tam Çağrı Numarası | Barkod | Tarih Son Görülme | İtibaren Geçerli Fiyatlar | Sigara Kamu Notu | Koha Öğesi Türü |
|---|---|---|---|---|---|---|---|---|---|
| CHP Kütüphanesi | CHP Kütüphanesi | 08/12/2020 | 891.81 P37n 1977 | 019325 | 08/12/2020 | 08/12/2020 | Emine Başak Alkan Bağışıdır. | Kitaplar |
